Online
Catalog

La Andalucía de Estébanez Calderón : (Record no. 18018)

MARC details
000 -CABECERA
campo de control de longitud fija 00820cam a2200229 a 4500
001 - NÚMERO DE CONTROL
campo de control 000018498
005 - FECHA Y HORA DE LA ÚLTIMA TRANSACCIÓN
campo de control 20200929165820.0
008 - DATOS DE LONGITUD FIJA--INFORMACIÓN GENERAL
campo de control de longitud fija 810311t19631963sp 000 0aspa
035 ## - NÚMERO DE CONTROL DEL SISTEMA
Número de control de sistema (DLC) 66090597
040 ## - FUENTE DE LA CATALOGACIÓN
Centro catalogador/agencia de origen DO-SdBNP
Lengua de catalogación spa
Centro/agencia transcriptor CarP
Centro/agencia modificador DLC
-- BNPHU
082 ## - NÚMERO DE LA CLASIFICACIÓN DECIMAL DEWEY
Número de clasificación 868.5
Número de documento/Ítem E79a
049 ## - FONDOS LOCALES (OCLC)
Fondos de biblioteca BNGR
100 1# - ENTRADA PRINCIPAL--NOMBRE DE PERSONA
Nombre de persona Estébanez Calderón, Serafín,
Fechas asociadas al nombre 1799-1867.
9 (RLIN) 40015
245 13 - MENCIÓN DE TÍTULO
Título La Andalucía de Estébanez Calderón :
Resto del título antología /
Mención de responsabilidad, etc. Serafín Estébanez Calderón ; compilación Jorge Campos.
260 ## - PUBLICACIÓN, DISTRIBUCIÓN, ETC.
Lugar de publicación, distribución, etc. Madrid :
Nombre del editor, distribuidor, etc. Taurus,
Fecha de publicación, distribución, etc. 1963.
300 ## - DESCRIPCIÓN FÍSICA
Extensión 142 p. ; :
Otras características físicas 19 cm.
490 1# - MENCIÓN DE SERIE
Mención de serie Ser y tiempo
-- Temas de España
Designación de volumen o secuencia 30.
650 #4 - PUNTO DE ACCESO ADICIONAL DE MATERIA--TÉRMINO DE MATERIA
Término de materia o nombre geográfico como elemento de entrada Literatura española
Subdivisión cronológica SIGLO XIX
9 (RLIN) 3067
700 1# - PUNTO DE ACCESO ADICIONAL--NOMBRE DE PERSONA
Nombre de persona Campos, Jorge,
Término indicativo de función/relación comp.
9 (RLIN) 3499
830 #0 - PUNTO DE ACCESO ADICIONAL DE SERIE-TÍTULO UNIFORME
Título uniforme Ser y tiempo,
Nombre de parte o sección de la obra Temas de España ;
Designación de volumen o secuencia 30.
9 (RLIN) 39657
910 ## - DATOS DE OPCIÓN DEL USUARIO (OCLC)
Datos de opción del usuario Catalogación por derivada / LC
Holdings
Estado de retiro Estado de pérdida Restricciones de uso No para préstamo Código de colección Localización permanente Ubicación/localización actual Ubicación en estantería Fecha de adquisición Número de inventario Total de préstamos Signatura topográfica completa Código de barras Fecha visto por última vez Precio válido a partir de Tipo de ítem Koha
        Monografías: Libros y Folletos General General En catalogación 10.05.2010 LF1   868.5 E79a 18498-10 25.06.2020 25.06.2020 Préstamo en sala

Powered by Koha